Kostol ako pamätník roku 2000 oslávi šesťdesiatku

Bibliographic Details
Format: Article
Language:Slovak
PhysicalDescription:Obr.
ISSN:1335-2180
Subjects:

MARC

LEADER 00000nab a2200000 a 4500
001 vtls000704996
003 SK-MaSNL
005 20260304114624.0
008 250429c1999 xo 0 slo
015 |a SNBRB1999/10-23175 
035 |a CLN000057163 
035 |a urn:nbn:sk:snk-abdq7o 
035 |a (urnnbn)urn:nbn:sk:snk:ar-001spx 
035 |a (uuid)d0d3db96-7764-4dc9-88f2-79c2207d807b 
040 |a SNKBUCL  |b slo  |c SNKBUCL  |e AACR2 
041 0 |a slo 
044 |a xo  |c SK 
080 |a 726.54(489)  |2 1997 
245 0 0 |a Kostol ako pamätník  |b roku 2000 oslávi šesťdesiatku 
300 |b Obr. 
610 7 |a Grundtvigs Kirke (Kodaň, Dánsko)  |x architektúra  |2 snkbucl  |9 1419788 
655 7 |a články z novín a časopisov  |2 snkbucl  |9 267496 
773 0 |t Projekt  |g Roč. 41, č. 2 (1999), s. 11  |x 1335-2180 
850 |a Slovenská národná knižnica 
852 |a Slovenská národná knižnica 
954 |a odborná, vedecká literatúra pôvodná (slovenská)  |2 lita 
958 |a article19 
958 |a OND 
958 |a DK 
958 |a EUIPO 
992 |a RBX 
999 |c 2873385  |d 2875315